000
00248nam a2200097Ia 4500
008
200302s9999 xx 000 0 und d
100
_a
Author
245
_a
Fevicol Furniture Book Bedrooms-II Vol 6
260
_b
Pidilite Industries Ltd.,
260
_c
1997
999
_c
983
_d
983